header

The vulnerable country (Record no. 98680)

MARC details
000 -LEADER
fixed length control field 01351nam a2200325Ia 4500
100 1# - MAIN ENTRY--AUTHOR NAME
Personal name Conley, Tom.
245 14 - TITLE STATEMENT
Title The vulnerable country
260 ## - PUBLICATION, DISTRIBUTION, ETC. (IMPRINT)
Place of publication Sydney :
Name of publisher University of New South Wales Press,
Year of publication 2009.
300 ## - PHYSICAL DESCRIPTION
Number of Pages viii, 325 p. :
Other physical details ill.
650 #0 - SUBJECT ADDED ENTRY--TOPICAL TERM
Topical Term International economic relations
Topical Term International business enterprises
856 40 - ELECTRONIC LOCATION AND ACCESS
Uniform Resource Identifier http://site.ebrary.com/lib/rucke/Doc?id=10372281

No items available.

© 2026 Rongo University
Contact us: librarian | system librarian | Rongo university